Open Data Biblioteca Nacional de Portugal


República Portuguesa: Ministério da Cultura
Biblioteca Nacional de Portugal

Catálogo da BNP: acesso por Identificadores Unívocos
Registos Bibliográficos associados ao registo de autoridade

Etiqueta de registo: 00254nam 2200025 450
001 2289472
003 http://id.bnportugal.gov.pt/bib/catbnp/2289472
100 ## $a20260702d2025 k y0pory01030103ba
101 0# $apor$deng
102 ## $aPT
105 ## $aa m 000yy
106 ## $ar
200 1# $aModelo para um diagnóstico automático da esquizofrenia através de sinais da fala$fFelipe Lage Teixeira$gorient. Salviano Filipe Silva Pinto Soares, João Paulo Ramos Teixeira, José Luís Pio da Costa Abreu
210 #9 $aVila Real$c[s.n.],$d2025
215 ## $aXXX, 206 p.$cil.$d30 cm
328 #1 $aTese dout. Engenharia Electrotécnica e de Computadores, Universidade de Trás-os-Montes e Alto Douro, Vila Real, 2025
700 #1 $aTeixeira,$bFelipe Lage$32002489
702 #1 $aSoares,$bSalviano Filipe S. Pinto$4727$31457612
702 #1 $aTeixeira,$bJoão Paulo Ramos,$f1968-$31245697
801 #0 $aPT$bBN$gRPC
966 ## $lBN$mFGMON$x1
971 ## $cabrito$d20260702

OpendataBNP@bnportugal.pt | Mais informação sobre acesso aos dados BNP